000 01033nam0a22002531 4500
001 v19\rc\1564847
005 20250618203212.0
035 _a(NLR Aleph) 004695607
090 _a3995471
_c3995471
100 _a20061002d1891 |||y0rusy50 ca
101 0 _arus
102 _aRU
105 _ay z |||||
200 1 _aУстав Общины добрых девушек, состоящей при Отрадинском благотворительном заведении в Серпуховском уезде, Московской губернии...
_e[Утв. 6 сент. 1891 г.
210 _aСанкт-Петербург]
_dценз. 1891
215 _a7 с.
309 _aБез тит. л. и обл.
710 0 2 _aОтрадинское благотворительное заведение
_cСерпухов. уезд
_bОбщина добрых девушек
801 0 _aRU
_bNLR
_gpsbo
801 0 _aRU
_bRuMoRGB
_2psbo
801 1 _aRU
_bProSoft-M
_2rusmarc
852 _aNLR
_j18.207.3.177
942 _cBOOK
980 _aNB